Encyclopedia of wireless telecommunications / (Record no. 175740)

000 -LEADER
fixed length control field 00893 a2200241 4500
003 - CONTROL NUMBER IDENTIFIER
control field Nust
005 - DATE AND TIME OF LATEST TRANSACTION
control field 20220816170520.0
010 ## - LIBRARY OF CONGRESS CONTROL NUMBER
LC control number 2002021273
020 ## - INTERNATIONAL STANDARD BOOK NUMBER
International Standard Book Number 0071390251 (alk. paper)
040 ## - CATALOGING SOURCE
Transcribing agency Nust
082 00 - DEWEY DECIMAL CLASSIFICATION NUMBER
Classification number 621.38203,BOT
100 1# - MAIN ENTRY--PERSONAL NAME
Personal name Botto, Francis.
9 (RLIN) 67701
245 10 - TITLE STATEMENT
Title Encyclopedia of wireless telecommunications /
Statement of responsibility, etc. Francis Botto.
260 ## - PUBLICATION, DISTRIBUTION, ETC.
Place of publication, distribution, etc. Boston :
Name of publisher, distributor, etc. McGraw-Hill,
Date of publication, distribution, etc. 2002.
300 ## - PHYSICAL DESCRIPTION
Extent 1 v. (various pagings) :
Other physical details ill. ;
Dimensions 23 cm.
440 #0 - SERIES STATEMENT/ADDED ENTRY--TITLE
Title McGraw-Hill telecommunications
9 (RLIN) 97508
500 ## - GENERAL NOTE
General note Includes index.
650 #0 - SUBJECT ADDED ENTRY--TOPICAL TERM
Topical term or geographic name entry element Telecommunication Engineering
856 42 - ELECTRONIC LOCATION AND ACCESS
Materials specified Contributor biographical information
Uniform Resource Identifier <a href="http://www.loc.gov/catdir/bios/mh041/2002021273.html">http://www.loc.gov/catdir/bios/mh041/2002021273.html</a>
856 42 - ELECTRONIC LOCATION AND ACCESS
Materials specified Publisher description
Uniform Resource Identifier <a href="http://www.loc.gov/catdir/description/mh022/2002021273.html">http://www.loc.gov/catdir/description/mh022/2002021273.html</a>
856 42 - ELECTRONIC LOCATION AND ACCESS
Materials specified Table of contents
Uniform Resource Identifier <a href="http://www.loc.gov/catdir/toc/mh023/2002021273.html">http://www.loc.gov/catdir/toc/mh023/2002021273.html</a>
942 ## - ADDED ENTRY ELEMENTS (KOHA)
Koha item type Reference
Source of classification or shelving scheme
Holdings
Withdrawn status Lost status Source of classification or shelving scheme Damaged status Not for loan Permanent Location Current Location Shelving location Date acquired Full call number Barcode Date last seen Price effective from Koha item type Public note
          Military College of Signals (MCS) Military College of Signals (MCS) Reference 12/12/2016 621.38203,BOT MCS30723 12/08/2016 12/12/2016 Reference Almirah No.22, Shelf No.2
© 2023 Central Library, National University of Sciences and Technology. All Rights Reserved.